000 00476nam a2200181Ia 4500
005 20250508152411.0
008 008 250505s9999 xx 000 0 hin d
037 _aTextual
040 _aFEDL
_beng
_cFEDL
041 _ahin
_2hin
084 _aFH, SAH
_qFEDL
100 _aSahni Nalraj
_9761115
245 0 _aVasant kya kahega
260 _aAllahabad, India
_bBharti Bhandar
_c1957
300 _a208p.
942 _cTEXL
_hFH, SAH
999 _c1336187
_d1336187